How Do You Measure, Measure a Year? Quiz Stats

 Plays Quiz Updated Mar 4, 2013

Challenge
Share
Tweet
Embed
Score 0/12 Timer 02:00
4 Plays Today
% Correct
Five Hundred Twenty-Five Thousand Six Hundred Minutes
86.7%
Cups of Coffee
82.9%
Sunsets
78.1%
Laughter
76.6%
Five Hundred Twenty-Five Thousand Moments So Dear
74.2%
Daylights
72.1%
Seasons of Love
71.1%
Midnights
70%
Inches
68.5%
Miles
66.6%
Love
64.8%
Strife
62%

You're not logged in!

Compare scores with friends on all Sporcle quizzes.
Join for Free
OR
Log In

You Might Also Like...

Show Comments

Extras

Top Quizzes Today


Score Distribution

Your Account Isn't Verified!

In order to create a playlist on Sporcle, you need to verify the email address you used during registration. Go to your Sporcle Settings to finish the process.

Report this User

Report this user for behavior that violates our Community Guidelines.

Details: